U.S. Cities That End in "City" - Statistics

General Stats
  • This quiz has been taken 268 times
  • The average score is 9 of 25
Answer Stats
Population State City % Correct
8,804,190 New York New York City
99%
681,054 Oklahoma Oklahoma City
95%
508,090 Missouri Kansas City
92%
156,607 Kansas Kansas City
92%
199,723 Utah Salt Lake City
87%
292,449 New Jersey Jersey City
78%
74,828 Iowa Iowa City
53%
58,639 Nevada Carson City
47%
85,797 Iowa Sioux City
40%
74,703 South Dakota Rapid City
35%
51,898 Texas Texas City
27%
140,230 Utah West Valley City
21%
104,901 California Daly City
20%
71,046 Tennessee Johnson City
20%
74,259 Texas Missouri City
16%
57,144 Arizona Lake Havasu City
15%
62,701 Louisiana Bossier City
14%
70,143 California Union City
11%
68,589 New Jersey Union City
11%
114,392 Texas League City
10%
58,409 Oklahoma Midwest City
9%
70,117 California Yuba City
9%
84,292 California Redwood City
8%
62,418 Colorado Commerce City
6%
56,173 California National City
3%
No matching quizzes found
Score Distribution
Percent of People with Each Score
Percentile by Number Answered
Your Score History
You have not taken this quiz